[Event "27th Keres Memorial 2018"]
[Site "Tallinn"]
[Date "2018.01.13"]
[Round "6"]
[White "Shlykov, Vitali"]
[Black "Meskovs, Nikita"]
[Result "0-1"]
[WhiteElo "2289"]
[BlackElo "2577"]
[Annotator "TA"]
[PlyCount "64"]
[EventDate "2018.??.??"]
[EventType "swiss"]
[EventCountry "EST"]
[SourceTitle "playchess.com"]
[Source "ChessBase"]
[SourceQuality "1"]

{[%evp 12,64,14,0,22,10,38,39,45,20,29,35,30,39,36,33,50,0,28,29,35,31,12,-160,-163,-152,-123,-199,-80,-66,-67,-276,-285,-356,-335,-344,-354,-339,-350,-379,-366,-405,-376,-427,-422,-547,-443,-525,-525,-568,-568,-585,-610,-779,-784]} 1. d4 Nf6 2. g3 d5 3. Bg2 e6 4. Nf3 b5 5. a4 b4 6. O-O Nbd7 7. Nbd2 {LiveBook: 4 Games. D02: 1 d4 d5 2 Nf3 sidelines, including 2...Nf6 3 g3 and 2...Nf6 3 Bf4} c5 8. e4 {[%cal Be2e4,Be4e5][%mdl 32]} Be7 $146 ({Predecessor:} 8... cxd4 9. exd5 Nxd5 10. Nxd4 Bb7 11. Nc4 Rc8 12. Qe2 Qc7 13. Nxe6 fxe6 14. Qxe6+ Be7 15. Re1 {1-0 (15) Mozharov,M (2564)-Schlosser,P (2579) Pardubice 2015}) 9. e5 {White is slightly better.} Ng4 10. c4 {aiming for Nh4.} bxc3 $1 11. bxc3 Ba6 12. Re1 cxd4 13. cxd4 h5 14. h4 Rc8 15. Nf1 Nb6 {[%cal Bd7b6,Bb6c4,Bc4b2,Bb2d3][%mdl 32]} 16. a5 Nc4 17. Bg5 $2 {[#]} (17. Ng5 $11) 17... Nb2 $1 $17 {[%cal Rb2d1]} 18. Qb3 Nd3 {Threatens to win with ...Bxg5.} 19. Re2 (19. Reb1 $17 {keeps fighting.}) 19... Bxg5 (19... Nc5 $19 {and Black stays clearly on top.} 20. dxc5 Bxe2) 20. Nxg5 Nc1 $36 {[%mdl 2048] Black is pushing.} 21. Qa4+ $2 (21. Rxc1 $1 $15 Rxc1 22. Rc2 Rxc2 23. Qxc2) 21... Qd7 $19 22. Rd2 Ne2+ 23. Rxe2 Qxa4 (23... Bxe2 $2 24. Qb4 $17) 24. Rxa4 {Re1 is the strong threat.} Bxe2 25. Rb4 Ba6 26. f3 {[#]} Nh6 $1 27. Ne3 O-O {Black is clearly winning.} 28. f4 g6 {[%cal Bg7g6,Bg6f5][%mdl 32]} 29. Bh3 Nf5 30. Bxf5 gxf5 ({Not} 30... exf5 31. Kf2 $17) 31. Kf2 Rb8 32. Nc2 Bd3 {Precision: White = 24%, Black = 58%.} 0-1

[Event "27th Keres Memorial 2018"]
[Site "Tallinn"]
[Date "2018.01.13"]
[Round "6"]
[White "Dubrovin, Robert"]
[Black "Kovalev, Vladislav"]
[Result "0-1"]
[WhiteElo "2251"]
[BlackElo "2642"]
[Annotator "TA"]
[PlyCount "90"]
[EventDate "2018.??.??"]
[EventType "swiss"]
[EventCountry "EST"]
[SourceTitle "playchess.com"]
[Source "ChessBase"]
[SourceQuality "1"]

{[%evp 25,90,31,29,35,40,42,35,33,39,41,31,32,56,-34,-14,-13,-7,-7,0,-55,-60,-55,-47,-38,-51,-48,0,-59,-54,-54,-57,-78,-70,-61,-43,-23,-22,-61,-58,-69,-67,-72,-37,-46,-37,-81,-74,-75,-57,-57,-31,-57,-11,-57,-55,-173,-150,-133,-139,-272,-272,-641,-616,-846,-842,-805,-784]} 1. d4 Nf6 2. c4 g6 3. Nc3 Bg7 4. e4 d6 5. Nf3 O-O 6. Be2 Na6 7. O-O e5 8. d5 Nc5 9. Qc2 a5 10. Bg5 h6 11. Be3 b6 12. Nd2 Ng4 13. Bxg4 Bxg4 14. a3 {E94: King's Indian: Classical: 6 Be2 e5 7 0-0: Various Black 7th moves} a4 15. Bxc5 bxc5 16. Nxa4 {White is slightly better.} Qg5 {[#] And now ...Bh3 would win.} 17. f3 Bd7 18. Nc3 h5 19. b4 $146 ({White should try} 19. Nb5 $14) ({Predecessor:} 19. Nb5 Bh6 20. Rad1 Qh4 21. Rfe1 Bxd2 22. Qxd2 Bxb5 23. cxb5 {½-½ (63) Miladinovic,I (2500)-Hansen,C (2600) Groningen 1997}) 19... cxb4 (19... Bh6 {keeps more tension.} 20. f4 exf4 21. Nf3 Qe7 22. bxc5 dxc5 23. e5 Bf5) 20. axb4 Qe3+ 21. Kh1 Qd4 22. c5 (22. Na2 $11) 22... dxc5 $15 23. bxc5 Qxc5 24. Nb3 Qb4 25. Na2 Qa3 26. Nc5 (26. Rfb1 $11) 26... Bb5 27. Rfb1 Rfb8 28. Qc3 Qxc3 29. Nxc3 Rxa1 30. Rxa1 {[#] Threatens to win with Rb1.} Be8 31. Rb1 Ra8 32. h3 Bf8 33. Nb3 Bb4 34. Nd1 Ra3 35. Nc1 Bd6 36. Ne2 Ra2 37. Ndc3 Rc2 38. Rb3 Bc5 39. Kh2 h4 40. Ng1 (40. Rb8 $15 Kf8 41. Rb7) 40... Kg7 41. Nge2 Bd7 42. Ng1 (42. Kh1 $17) 42... Bc8 $19 43. Na4 $2 (43. Nce2) 43... Bd4 {Black is clearly winning.} 44. Rb5 Ba6 45. Rb1 Ra2 {Precision: White = 32%, Black = 56%.} 0-1

[Event "27th Keres Memorial 2018"]
[Site "Tallinn"]
[Date "2018.01.13"]
[Round "6"]
[White "Lumiste, Rene"]
[Black "Ehlvest, Jaan"]
[Result "1-0"]
[WhiteElo "2118"]
[BlackElo "2549"]
[Annotator "TA"]
[PlyCount "159"]
[EventDate "2018.??.??"]
[EventType "swiss"]
[EventCountry "EST"]
[SourceTitle "playchess.com"]
[Source "ChessBase"]
[SourceQuality "1"]

{[%evp 13,159,-24,10,-33,-15,-11,-23,-26,20,16,26,-26,42,32,32,15,64,6,27,24,16,-30,-19,-26,-18,-41,-39,-52,-47,-43,-19,-52,-33,-65,-47,-58,-53,-89,-56,-62,-70,-69,-47,-87,-56,-130,-131,-97,-83,-146,-129,-139,-57,-50,-29,-29,-29,-9,0,0,0,0,0,0,0,0,0,0,12,8,11,16,23,0,9,0,27,0,24,0,2,0,166,153,162,64,216,181,197,138,215,0,197,183,210,215,210,174,163,0,297,268,275,0,200,0,257,0,172,79,281,229,231,226,237,220,191,12,143,0,219,204,259,235,240,259,479,465,454,431,395,382,653,645,570,531,4132,4132,2485,2485,2020,1936,1629,1372,1543,1543,1386,789]} 1. Nf3 d5 2. g3 e6 3. Bg2 Bd6 4. d3 c5 5. e4 Nc6 6. O-O Nge7 7. Nc3 O-O {LiveBook: 4 Games} (7... d4 $5 {[%cal Rd4c3]} 8. Nb5 Bb8 $11) 8. Nh4 {A08: King's Indian Attack} (8. a4 a6 9. Nd2 Bc7 10. f4 f6 11. Kh1 Rb8 12. Re1 d4 13. Ne2 Ba5 14. Rf1 Bxd2 15. Bxd2 b5 16. axb5 axb5 {1-0 (26) Danielsen,H (2498)-Thannheiser,T (2251) Germany 2014}) 8... Be5 $146 ({Predecessor:} 8... Bc7 9. f4 f6 10. Kh1 b6 11. Bd2 dxe4 12. Nxe4 Bb7 13. Qf3 Rb8 14. Qf2 Nd4 15. Rac1 Qd7 {0-1 (34) Velasquez Ojeda,C (2320)-Salazar Jacob,H (2315) Santiago de Chile 1980}) 9. f4 Bd4+ 10. Kh1 {Black has an edge.} dxe4 11. Nxe4 f5 12. Nc3 (12. c3 $142) 12... e5 (12... b6 $11) 13. Nf3 $14 exf4 14. Bxf4 Bf6 15. Bg5 (15. Qd2 $14) 15... Bxg5 16. Nxg5 h6 17. Nh3 (17. Nf3 {is interesting.} f4 18. gxf4 Rxf4 19. Qd2 Ng6 20. Ng1) 17... Be6 18. Nf4 Bf7 19. Re1 Qd7 20. Qe2 Rfe8 21. Qf2 b6 22. Rac1 Rad8 23. a3 g5 24. Nfe2 Ng6 25. Ng1 Nce5 26. Nf3 Ng4 $36 {[%mdl 2048] Black fights for an advantage.} 27. Qg1 f4 28. Rxe8+ Rxe8 29. gxf4 (29. Nd2 $15) 29... Nxf4 $17 {And now ...Qf5 would win.} 30. Re1 Rf8 31. Ne5 (31. h3 $142 Nxg2 32. Qxg2 Nf2+ 33. Qxf2 Qxh3+ 34. Kg1) 31... Nxe5 32. Rxe5 Nxg2 (32... Bh5 $17 33. Re3 Nxg2 34. Qxg2 Qd4) 33. Qxg2 $15 Bh5 {( -> ...Bf3)} 34. Qd5+ $1 Qxd5+ 35. Nxd5 $11 {[%mdl 4096] Endgame KRB-KRN} Kg7 36. Kg2 Bf3+ 37. Kg3 Bd1 38. Ne3 Bh5 39. Re7+ Kg6 40. Nc4 Rf1 41. Rxa7 {Threatens to win with Rb7.} b5 $1 {[%cal Rb5c4]} 42. Ra6+ Kg7 43. Ra7+ Kf6 44. Ra6+ Kg7 45. Ra7+ Kf6 46. Nd6 Ke5 47. Ne4 Kd5 $2 (47... Rg1+ $11 {and Black is okay.} 48. Kf2 Rc1) 48. Rd7+ $18 Ke5 49. Nxc5 (49. Re7+ $1 $18 Kf5 50. Nd6+ (50. Nxc5 Rg1+ 51. Kf2 Rc1 $16) 50... Kg6 51. Re6+ (51. Nxb5 Rg1+ 52. Kf2 Rc1 $14) 51... Kh7 52. Re5 (52. Nxb5 Rg1+ 53. Kf2 Rh1 $16)) 49... Bd1 $2 ({Black should play} 49... Rg1+ $1 $14 50. Kf2 Rc1) 50. d4+ Kf6 51. Ne4+ (51. Rd6+ $1 $18 Kf5 52. Nd7 Rf3+ 53. Kg2) 51... Ke6 (51... Kg6 $16 52. Rd6+ Kg7) 52. Nc5+ Kf6 {[#]} 53. Rd6+ $1 Kg7 54. c3 h5 55. Ne6+ Kf6 56. Nc5+ $2 ({White should try} 56. Nc7+ $18 Kf7 57. Rd5 (57. Nxb5 Re1 $16)) 56... Kf5 $2 {[%mdl 8192]} (56... Kg7 $1 $11 {and Black has nothing to worry.} 57. Ne6+ Kg6 58. Nc7+ Kh7) 57. Rd5+ Kg6 58. Rd6+ Kf5 59. Rd5+ Kg6 60. Rd6+ $2 (60. Ne4 $18) 60... Kf7 $2 (60... Kf5 $11) 61. Rd7+ (61. Ne4 $18 {and White stays clearly on top.}) 61... Ke8 $2 (61... Kg6 $16 {keeps fighting.}) 62. Rg7 h4+ 63. Kg2 Rf5 64. Ne6 g4 65. Nc7+ $2 (65. Rh7 $18 Rf6 66. Nc5 (66. Rxh4 Rxe6 67. Kg3 Re3+ 68. Kf4 Rf3+ 69. Ke5 Rf2 $17)) 65... Kd8 (65... Kf8 $11 66. Ne6+ Ke8) 66. Ne6+ (66. d5 $16 {Strongly threatening Ne6+.} Bf3+ 67. Kg1 Bxd5 68. Nxb5) 66... Kc8 $2 (66... Ke8 $11 {and Black stays safe.}) 67. Rh7 h3+ 68. Kg3 Rf3+ 69. Kh4 Rf2 $2 {[#]} (69... Rf5 70. Rh8+ Kd7) 70. d5 $1 {[%cal Bd4d5,Bd5d6][%mdl 32]} Rxh2 {Black hopes to continue with ...Rd2.} 71. d6 Rd2 72. Nd4 {Threatening mate with Rc7+.} Kd8 $2 (72... Bf3 73. d7+ Kc7) 73. d7 {[%cal Rd4e6] White is clearly winning.} Rxd4 74. cxd4 {KR-KB} Bc2 75. Rh8+ Kxd7 76. Kxg4 Kd6 77. Rxh3 Kd5 78. Rc3 Be4 79. Rc5+ Kxd4 80. Rxb5 {Precision: White = 44%, Black = 33%.} 1-0

[Event "27th Keres Memorial 2018"]
[Site "Tallinn"]
[Date "2018.01.13"]
[Round "7"]
[White "Meier, Georg"]
[Black "Volodin, Aleksandr"]
[Result "1-0"]
[WhiteElo "2660"]
[BlackElo "2397"]
[Annotator "TA"]
[PlyCount "45"]
[EventDate "2018.??.??"]
[EventType "swiss"]
[EventCountry "EST"]
[SourceTitle "playchess.com"]
[Source "ChessBase"]
[SourceQuality "1"]

{[%evp 24,45,18,7,52,44,49,41,39,39,86,87,141,145,249,170,174,172,441,447,477,468,1020,1009]} 1. Nf3 d5 2. g3 c5 3. Bg2 Nf6 4. O-O g6 5. d4 cxd4 6. Nxd4 Bg7 7. Nb3 O-O 8. Nc3 e6 9. e4 {A49: 1 d4 Nf6 2 Nf3 g6 3 g3: Anti-King's Indian systems} dxe4 10. Qxd8 Rxd8 11. Nxe4 Nxe4 12. Bxe4 Nc6 {[%cal Bb8c6,Bc6e7,Be7d5][%mdl 32]} 13. c3 {[#] LiveBook: 5 Games} Ne7 $146 ({Predecessor:} 13... e5 14. Be3 f5 15. Bg2 Bf8 16. Rfe1 Be6 {1-0 (35) Karjakin,S (2767)-Jakovenko,D (2747) Tashkent 2014}) 14. Re1 Nd5 15. Bg5 f6 16. Bd2 {[%cal Bg5d2,Bd2f4,Bf4c7,Bc7a5][%mdl 32]} Rb8 17. Rad1 {[#] aiming for Bf4.} b5 (17... Nb6 $142) 18. Bf4 $16 Ra8 (18... Rb7 $16 19. Bxd5 exd5) 19. Bc7 $36 {[%mdl 2048] White is really pushing.} Rd7 {[#]} 20. Ba5 $1 a6 $2 (20... Rb8 21. Nc5 Rf7 22. Rxd5 exd5 23. Bxd5 Bf8) 21. Nc5 $18 {White is clearly winning.} Rd6 22. b3 Rc6 (22... Rb8 $142 23. c4 bxc4 24. bxc4 Bf8 25. cxd5 Rb5) 23. Rxd5 {Precision: White = 87%, Black = 17%.} 1-0

[Event "27th Keres Memorial 2018"]
[Site "Tallinn"]
[Date "2018.01.13"]
[Round "7"]
[White "Kovalev, Vladislav"]
[Black "Lumiste, Rene"]
[Result "1/2-1/2"]
[WhiteElo "2642"]
[BlackElo "2118"]
[Annotator "TA"]
[PlyCount "122"]
[EventDate "2018.??.??"]
[EventType "swiss"]
[EventCountry "EST"]
[SourceTitle "playchess.com"]
[Source "ChessBase"]
[SourceQuality "1"]

{[%evp 16,122,0,0,12,12,14,12,12,18,5,0,23,15,8,12,0,-2,23,19,14,16,27,17,13,10,25,0,23,12,17,0,0,0,51,51,51,54,73,7,7,5,26,26,25,23,19,8,30,24,22,0,12,0,0,-35,-13,-61,-57,-59,-51,-59,-62,-62,-64,-65,-68,-70,-50,-50,-50,-50,-50,-50,-50,-69,0,0,0,0,0,0,0,0,0,0,0,0,0,0,0,0,0,0,0,0,0,0,0,0,0,0,0,0,0,0,0,0,0]} 1. e4 d5 2. exd5 Qxd5 3. Nc3 Qa5 4. d4 Nf6 5. Nf3 c6 6. Bc4 Bf5 7. Bd2 e6 8. O-O Qc7 9. h3 {LiveBook: 5 Games} Bd6 {B01: Scandinavian Defence} (9... Nbd7 10. Qe2 Bd6 11. Nh4 Bg6 12. Nxg6 hxg6 13. Rab1 Nb6 14. Bd3 Bh2+ 15. Kh1 Bf4 16. Bxf4 Qxf4 17. Qe5 {0-1 (25) Sean,W (2385)-Sarkar,J (2429) Budapest 2014}) 10. Nh4 Bg6 11. Nxg6 hxg6 12. Qf3 Nbd7 13. Rfe1 O-O (13... O-O-O {looks sharper.} 14. Ne2 Bh2+ 15. Kh1 Bd6 16. c3 Rh4) 14. Ne4 Nxe4 15. Rxe4 Nf6 16. Re2 Rad8 17. Bb3 $146 ({Predecessor:} 17. Bg5) 17... c5 18. dxc5 Bxc5 19. Rae1 Rd7 20. g3 Rfd8 21. Bg5 a6 22. Kg2 b5 23. a4 b4 24. Bf4 Qb7 (24... Qc8 $11) 25. Qxb7 $14 Rxb7 26. Bc4 a5 27. Bb5 (27. Re5 $16 Bb6 28. Rb5) 27... Nd5 $11 28. Bc1 Nc7 29. Bc4 Kf8 30. Kf3 Rb6 31. Bf4 Ne8 32. Bb5 Nd6 33. Rd2 {aiming for Re5.} Ke7 34. Red1 f6 35. Bf1 g5 36. Be3 (36. Bxd6+ $5 Rbxd6 37. Rxd6 Rxd6 38. Rxd6 Kxd6 39. b3 $11) 36... Bxe3 37. Kxe3 Nf5+ 38. Ke4 Rbd6 39. Rxd6 Nxd6+ $15 {[%mdl 4096] Endgame KRB-KRN} 40. Kf3 Rc8 41. Bd3 Nc4 (41... e5 {with more complications.} 42. Ke3 Ke6 43. Rc1 f5 44. f3 Rh8) 42. Bxc4 $1 Rxc4 {KR-KR} 43. Rd2 e5 44. Ke2 Ke6 45. Kd1 g4 ({Black should try} 45... Rc8 $15) 46. hxg4 $11 {The position is equal.} Rxg4 47. Rd8 Rd4+ 48. Rxd4 exd4 {KP-KP} 49. Ke2 f5 50. f3 Ke5 51. Kd2 Kd5 52. Kd3 Kc5 53. Kd2 Kc4 {[#] And now ...b3 would win.} 54. b3+ Kc5 55. Ke2 Kd5 56. Kd3 Kc5 57. Ke2 Kd6 58. Kd2 (58. Kd3 $5 {[%cal Rd3d4]}) 58... Kc6 59. Ke2 Kd6 60. Kd2 Kc6 61. Ke2 Kd6 {Precision: White = 57%, Black = 72%.} 1/2-1/2

[Event "27th Keres Memorial 2018"]
[Site "Tallinn"]
[Date "2018.01.13"]
[Round "7"]
[White "Chigaev, Maksim"]
[Black "Potkin, Vladimir"]
[Result "1-0"]
[WhiteElo "2639"]
[BlackElo "2650"]
[Annotator "TA"]
[PlyCount "55"]
[EventDate "2018.??.??"]
[EventType "swiss"]
[EventCountry "EST"]
[SourceTitle "playchess.com"]
[Source "ChessBase"]
[SourceQuality "1"]

{[%evp 13,55,25,34,21,27,-34,79,2,98,111,160,175,166,175,298,306,320,314,295,312,302,275,462,497,629,620,611,482,463,449,463,454,492,411,445,438,440,391,411,278,273,177,2165,1981]} 1. e4 c5 2. Nf3 e6 3. d4 cxd4 4. Nxd4 Nc6 5. Nc3 Qc7 6. Be3 a6 7. a3 b5 8. Qf3 {B48: Sicilian: Taimanov: 5 Nc3 Qc7 6 Be3 a6 without Be2} (8. Nxc6 Qxc6 9. Bd3 Bb7 10. O-O Nf6 11. Re1 Rc8 12. Qf3 Bd6 13. Bd4 Qc7 14. Bxf6 gxf6 15. Qh5 Be5 16. Nd1 Ke7 17. c3 Rcg8 18. Ne3 Rg5 19. Qh3 {0-1 (47) Carlsen,M (2837)-Ding,L (2774) Saint Louis 2017}) 8... Bb7 9. Qg3 (9. Nxc6 $11 Qxc6 10. Qg3) 9... d6 $146 (9... Bd6 $1 $15 {keeps the upper hand.} 10. f4 Nxd4 11. Bxd4 Ne7) ({Find the theoretical novelty and annotate with similar games:} 9... Qxg3 10. hxg3 Nf6 11. Nxc6 Bxc6 12. f3 Bd6 13. g4 Bg3+ 14. Bf2 Be5 {½-½ (53) Khouri,I (2225)-Sanchez,S (2391) Tromsoe 2014}) 10. O-O-O {[%cal Ba1d1,Bd1d6,Bd6d7,Bd7b7][%mdl 32]} (10. Bxb5 $16 {aiming for Ba4.} axb5 11. Ndxb5) 10... Nf6 {[#]} (10... b4 $11 {remains equal.} 11. axb4 Nxb4) 11. Bxb5 $1 $16 axb5 12. Ndxb5 Qa5 13. Rxd6 Ba6 (13... Rc8 $142) 14. b4 $18 Qxb5 ({Not} 14... Nxb4 $2 15. axb4 Nxe4 16. bxa5 $18) 15. Nxb5 Bxb5 16. f3 Be7 17. Bc5 ({Don't go for} 17. Qxg7 $2 Rg8 $19) 17... Nd7 $2 {[#]} (17... Nh5 {was called for.} 18. Qf2 Nf4 19. Rxc6 Bg5) 18. Rxd7 $1 Bxc5 (18... Kxd7 19. Rd1+) 19. Rb7 Ba6 {White must now prevent ...Be3+.} 20. Qc7 Bxb7 21. Qxb7 O-O 22. Qxc6 ({But not} 22. bxc5 Nd4 $18) 22... Be3+ 23. Kb1 Rxa3 {intending ...Bd4.} 24. Rd1 Rfa8 25. c3 g6 26. Kc2 Ra2+ 27. Kd3 Ba7 $2 (27... Rd8+ 28. Kxe3 Rxd1) 28. Qxa8+ {Precision: White = 55%, Black = 38%.} 1-0

[Event "27th Keres Memorial 2018"]
[Site "Tallinn"]
[Date "2018.01.13"]
[Round "7"]
[White "Neiksans, Arturs"]
[Black "Kovalenko, Igor"]
[Result "0-1"]
[WhiteElo "2590"]
[BlackElo "2713"]
[Annotator "TA"]
[PlyCount "132"]
[EventDate "2018.??.??"]
[EventType "swiss"]
[EventCountry "EST"]
[SourceTitle "playchess.com"]
[Source "ChessBase"]
[SourceQuality "1"]

{[%evp 23,132,50,57,48,49,47,127,52,52,46,47,35,54,49,71,87,120,0,35,0,0,0,0,-52,-25,-30,-20,-17,-32,-69,-54,-57,-52,-67,-56,-66,-70,-79,-60,-70,-47,-72,-59,-47,-31,-41,-19,-79,-81,-67,-18,-32,-43,-110,-83,-124,-83,-108,-89,-98,-70,-93,-103,-92,-80,-79,-11,-54,-23,-46,-46,-46,-46,-52,-50,-57,-16,-68,-12,-8,-4,-14,-14,-16,-14,-14,-14,-39,-37,-221,-239,-722,-678,-639,-619,-964,-919,-1059,-1053,-925,-933,-732,-826,-1237,-1158,-1292,-1250,-29990,-29991,-29998,-29999]} 1. c4 c5 2. Nf3 Nc6 3. d4 cxd4 4. Nxd4 g6 5. e4 Bg7 6. Be3 d6 7. Nc3 Bd7 8. Be2 Nf6 9. O-O O-O 10. f3 Qb6 11. Na4 Qa5 12. Nb5 {B38: Sizilianisch (Maroczy-Aufbau)} (12. Nc3 Rfc8 13. Nb3 Qd8 14. c5 dxc5 15. Nxc5 Rab8 16. Qa4 Be8 17. Rfd1 Qb6 18. Qa3 e5 19. Nb5 Nd4 20. Bxd4 exd4 21. Na4 Qa5 22. Nc5 {0-1 (22) Mikhalchishin,A (2479)-Kovalenko,I (2639) Katowice 2017}) 12... Rfc8 {LiveBook: 3 Partien} 13. Rc1 Ne5 14. b3 {Weiß steht etwas besser.} Be8 $146 (14... Bxb5 $14 15. cxb5 Qb4) ({Vorgänger:} 14... d5 15. exd5 Bxb5 16. cxb5 Rxc1 17. Bxc1 Rd8 18. Bd2 Qc7 19. f4 Ned7 {½-½ (123) Ushenina,A (2459)-Pasini,N (2101) Douglas 2016}) 15. Qe1 (15. Nxa7 $16 Rcb8 16. Bb6) 15... Qxe1 $14 16. Rfxe1 Nc6 17. Red1 Nd7 18. f4 b6 19. Bg4 h5 20. Bf3 (20. Bh3 $16) 20... Rab8 21. Nbc3 Kf8 22. Nd5 Nc5 23. Ndc3 (23. Nxc5 $11 bxc5 24. e5) 23... Nb4 {Schwarz will ...Sxa2! spielen.} 24. Nxc5 bxc5 25. Rd2 Nc6 26. Ne2 a5 27. Nc3 Nd4 28. Bd1 Bc6 29. Kf2 e6 30. Bf3 Ke7 31. Ne2 e5 32. Nc3 Bh6 33. g3 Rh8 34. Bg2 f6 35. Nd5+ (35. h4 $11 {hält das Gleichgewicht.}) 35... Bxd5 $17 36. cxd5 Rb4 37. Bxd4 exd4 38. Re1 (38. Bf1 $15) 38... a4 39. Rd3 axb3 40. axb3 Ra8 41. Bf1 Ra3 42. Rb1 g5 43. Rf3 Ra2+ 44. Kg1 h4 (44... gxf4 $17 {Droht ...Tc2 und aus.} 45. gxf4 Rb8) 45. Bc4 Rb8 46. Rf2 Rxf2 47. Kxf2 hxg3+ 48. Kxg3 gxf4+ $15 {[%mdl 4096] Endspiel KTL-KTL} 49. Kf3 Bg5 50. Rh1 (50. Kg4 $11) 50... Rg8 (50... Ra8 $15) 51. Ra1 $11 Kf7 52. Ra7+ Kg6 53. Rd7 Rh8 54. Kg2 $1 Ra8 {Droht stark ...Ta2+.} 55. Rxd6 {Und Tc6 würde nun gewinnen.} (55. h4 $5 Bxh4 56. Rxd6 $11) 55... Ra2+ 56. Kf3 $2 (56. Kh3 $1 $15 Rc2 57. Kg4 Rxh2 58. Ra6) 56... Rxh2 $19 57. e5 $2 {[#]} (57. Rc6 Rh3+ 58. Kg2 Rg3+ 59. Kh2) 57... Rh3+ $1 58. Kg2 {[#]} Re3 $1 59. Ra6 d3 {[%cal Bd4d3,Bd3d2][%mdl 32]} 60. e6 d2 61. Ra1 Re1 62. e7 Rxe7 63. Rd1 Re1 64. Bd3+ Kh5 65. Bc2 Kg4 66. d6 f3+ {Precision: Weiß = 35%, Schwarz = 55%.} 0-1

[Event "27th Keres Memorial 2018"]
[Site "Tallinn"]
[Date "2018.01.13"]
[Round "7"]
[White "Meskovs, Nikita"]
[Black "Fridman, Daniel"]
[Result "0-1"]
[WhiteElo "2577"]
[BlackElo "2671"]
[Annotator "TA"]
[PlyCount "94"]
[EventDate "2018.??.??"]
[EventType "swiss"]
[EventCountry "EST"]
[SourceTitle "playchess.com"]
[Source "ChessBase"]
[SourceQuality "1"]

{[%evp 12,94,22,20,36,33,33,37,31,31,28,10,11,12,60,50,39,20,53,25,39,0,0,-41,-41,-85,-52,-118,-118,-286,-285,-285,-280,-346,-327,-329,-327,-332,-336,-304,-236,-502,-514,-462,-331,-316,-328,-339,-340,-346,-345,-341,-340,-341,-342,-337,-333,-416,-434,-430,-431,-429,-428,-488,-470,-645,-629,-629,-605,-573,-540,-691,-599,-635,-628,-787,-785,-762,-761,-859,-858,-809,-794,-783,-751]} 1. c4 e6 2. Nf3 d5 3. d4 Nf6 4. g3 Bb4+ 5. Bd2 a5 6. Bg2 O-O 7. O-O c6 {E11: Bogo-Indian} 8. Bxb4 axb4 9. Nbd2 b6 {White is slightly better.} 10. Qc2 Bb7 11. Rfd1 $146 ({Find the theoretical novelty and annotate with similar games:} 11. e4 Nbd7 12. cxd5 exd5 13. exd5 Nxd5 14. Rfe1 N7f6 15. Ne5 Rc8 16. Qb3 {1-0 (29) Georgiev,K (2660)-Ermenkov,E (2505) Budapest 1993}) 11... Qe7 12. e4 Na6 13. e5 Nd7 14. h4 Rfd8 15. Ng5 Nf8 16. Nf1 h6 17. Nh3 c5 18. Ne3 dxc4 {[%cal Bd5c4,Bc4c3][%mdl 32] Threatens to win with ...Bxg2.} 19. Bxb7 (19. d5 $15) 19... Qxb7 $17 20. dxc5 $2 {[#]} (20. Nf4 $17) 20... b5 $1 $19 (20... bxc5 21. Nxc4 Rxd1+ 22. Qxd1 $15) (20... Nxc5 21. Rxd8 Rxd8 22. Nxc4 $15) 21. b3 c3 (21... Nxc5 22. bxc4 bxc4 23. Nxc4 $17) 22. a3 bxa3 (22... Nxc5 $2 23. Rxd8 Rxd8 24. axb4 $19) 23. Rxd8 Rxd8 24. b4 Nxb4 25. Qxc3 Nc6 {Strongly threatening ...b4.} 26. Rxa3 $2 (26. Qxa3 {is the only way for White.} Nxe5 27. Qa5) 26... b4 27. Rb3 bxc3 28. Rxb7 Nd4 (28... Nxe5 29. Rb3 $15) 29. c6 c2 (29... Nxc6 30. Rc7 $17) 30. Nxc2 Nxc2 (30... Nxc6 31. Ne3 $17) 31. c7 Rc8 32. Nf4 Nd4 33. Nd3 Nd7 34. Nc5 Nf3+ ({Don't blunder} 34... Nxc5 $2 35. Rb8 $18) 35. Kg2 {Black is clearly winning.} Nfxe5 ({Not} 35... Nxc5 $2 36. Rb8 $18) 36. f4 {[#]} Kh7 $1 ({Don't go for} 36... Nxc5 $2 37. Rb8 $18) 37. Ne4 Nc4 38. h5 f5 {[%cal Bf7f5,Bf5g4][%mdl 32]} 39. Nc3 Nd6 40. Ra7 Nc5 41. Ne2 Ndb7 42. g4 fxg4 43. Nd4 Rxc7 44. Kg3 Rd7 45. Nc6 Nd6 {...Nf5+ is the strong threat.} 46. Rxd7 Nxd7 47. Kxg4 Nf6+ {Precision: White = 35%, Black = 78%.} 0-1